000 00675nam a2200229Ia 4500
005 20241129115543.0
008 241129s9999||||xx |||||||||||||| ||und||
020 _a9781470425975
037 _aTB
040 _aSDCL
_beng
_cSDCL
041 _aeng
_2eng
084 _aB6:2 Q6;1
_qSDCL
100 _aGarrity Thomas; Belshoff Richard; Boos Lynette
_9727744
245 0 _aAlgebraic geometry: A problem solving approach
260 _aNew Delhi
_bAmerican Mathematical Society
_c2016
300 _axxii,335p.
365 _aINR
_b0
490 _aStudent mathematical library Volume 66
650 _aGift
942 _cTB
_hB6:2 Q6;1
999 _c1230958
_d1230958